Top 15 most Popular Candies in the US - Statistics

General Stats
  • This quiz has been taken 43 times
  • The average score is 5 of 15
Answer Stats
Hint Answer % Correct
3 Snickers
88%
2 M&Ms
65%
5 Kit Kat
62%
8 Twix
62%
4 Skittles
50%
6 Sour Patch Kids
38%
7 Starburst
29%
12 Butterfinger
26%
11 Candy Corn
15%
9 Hershey Chocolate
12%
13 3 Muskateers
9%
1 Reeses Cups
9%
15 Jolly Ranchers
6%
14 Tootsie Pops
3%
10 Hot Tamales
0%
No matching quizzes found
Score Distribution
Percent of People with Each Score
Percentile by Number Answered
Your Score History
You have not taken this quiz